| 000 | 00857nam a2200229Ii 4500 | ||
|---|---|---|---|
| 003 | JO-AjNU | ||
| 008 | 230605s9999||||xx |||||||||||||| ||und|| | ||
| 017 | _a1995/8/766 | ||
| 040 |
_aJO-AjNU _bara _erda _cJO-AjNU |
||
| 041 | _aara | ||
| 050 | 1 | 4 | _aBP182.5 2002 |
| 100 | 3 |
_aتاليف مراشده، علي، م مشارك شامان معابره , _eauthor _957485 |
|
| 245 | 0 | 0 | _aالاستراتيجيه العسكريه الاسلاميه |
| 250 | _aط1 | ||
| 264 | 3 | 1 | _aعمان: وزارة الثقافة،2002 |
| 300 |
_a129ص _bببليوجرافيا:128-129 |
||
| 336 |
_atext _btxt _2rdacontent |
||
| 337 |
_aunmediated _bn _2rdamedia |
||
| 338 |
_avolume _bnc _2rdacarrier |
||
| 490 | 0 | _aسلسلة اصدارات جمعية اصدقاء المكتبه/اربد | |
| 650 | 4 |
_aالاسلام-الاستراتيجة العسكريه _957486 |
|
| 999 |
_aA25765 _c29333 _d29333 |
||